<?xml version="1.0" encoding="UTF-8"?>
<record
    xmlns:xsi="http://www.w3.org/2001/XMLSchema-instance"
    xsi:schemaLocation="http://www.loc.gov/MARC21/slim http://www.loc.gov/standards/marcxml/schema/MARC21slim.xsd"
    xmlns="http://www.loc.gov/MARC21/slim">

  <leader>01209nam a2200301Ia 4500</leader>
  <controlfield tag="001">IA_</controlfield>
  <controlfield tag="002">SITUACION ACTUAL DE LA PRODUCCION Y COMERCIALIZACI</controlfield>
  <controlfield tag="008">220117s    xx            000 0 und d</controlfield>
  <datafield tag="010" ind1=" " ind2=" ">
    <subfield code="a">187852</subfield>
  </datafield>
  <datafield tag="530" ind1=" " ind2=" ">
    <subfield code="a">Disponible en PDF</subfield>
  </datafield>
  <datafield tag="583" ind1=" " ind2=" ">
    <subfield code="a">1 ej. impreso ; 2 ej. CD</subfield>
  </datafield>
  <datafield tag="650" ind1=" " ind2=" ">
    <subfield code="a">Corn</subfield>
    <subfield code="x"> Industry and trade</subfield>
    <subfield code="x">Mexico</subfield>
    <subfield code="x">Tamaulipas</subfield>
    <subfield code="9">163472</subfield>
  </datafield>
  <datafield tag="650" ind1=" " ind2=" ">
    <subfield code="a">Disease and pest management  1Grain sorghum</subfield>
    <subfield code="x">Industry and trade</subfield>
    <subfield code="x">Mexico</subfield>
    <subfield code="x">Tamaulipas   1</subfield>
    <subfield code="9">163802</subfield>
  </datafield>
  <datafield tag="650" ind1=" " ind2=" ">
    <subfield code="a">Enfermedades y des&#xF3;rdenes de las plantas  </subfield>
    <subfield code="9">163473</subfield>
  </datafield>
  <datafield tag="650" ind1=" " ind2=" ">
    <subfield code="a">Estad&#xED;stica  </subfield>
    <subfield code="9">38241</subfield>
  </datafield>
  <datafield tag="650" ind1=" " ind2=" ">
    <subfield code="a">Fertilizantes  </subfield>
    <subfield code="9">40447</subfield>
  </datafield>
  <datafield tag="650" ind1=" " ind2=" ">
    <subfield code="a">Fertilizers  </subfield>
    <subfield code="9">151083</subfield>
  </datafield>
  <datafield tag="650" ind1=" " ind2=" ">
    <subfield code="a">Ma&#xED;z</subfield>
    <subfield code="x">Industria y comercio</subfield>
    <subfield code="x">M&#xE9;xico</subfield>
    <subfield code="x">Tamaulipas  </subfield>
    <subfield code="9">163475</subfield>
  </datafield>
  <datafield tag="650" ind1=" " ind2=" ">
    <subfield code="a">Manejo de enfermedades y plagas  </subfield>
    <subfield code="9">151185</subfield>
  </datafield>
  <datafield tag="650" ind1=" " ind2=" ">
    <subfield code="a">Plant diseases and disorders  </subfield>
    <subfield code="9">163476</subfield>
  </datafield>
  <datafield tag="650" ind1=" " ind2=" ">
    <subfield code="a">Sorgo en grano</subfield>
    <subfield code="x">Industria y comercio</subfield>
    <subfield code="x">M&#xE9;xico</subfield>
    <subfield code="x">Tamaulipas  </subfield>
    <subfield code="9">163477</subfield>
  </datafield>
  <datafield tag="650" ind1=" " ind2=" ">
    <subfield code="a">Statistics  </subfield>
    <subfield code="9">144311</subfield>
  </datafield>
  <datafield tag="700" ind1="1" ind2=" ">
    <subfield code="a">L&#xF3;pez Mart&#xED;nez, Juan Carlos</subfield>
    <subfield code="9">163803</subfield>
  </datafield>
  <datafield tag="700" ind1=" " ind2=" ">
    <subfield code="a">Ramayo Ram&#xED;rez, Jos&#xE9; Orlando, asesor</subfield>
    <subfield code="9">163804</subfield>
  </datafield>
  <datafield tag="700" ind1="1" ind2=" ">
    <subfield code="a">Reyna Izaguirre, Diana Am&#xE9;rica</subfield>
    <subfield code="9">147338</subfield>
  </datafield>
  <datafield tag="942" ind1=" " ind2=" ">
    <subfield code="c">TESIS H47 2019</subfield>
  </datafield>
  <datafield tag="999" ind1=" " ind2=" ">
    <subfield code="c">187852</subfield>
    <subfield code="d">187852</subfield>
  </datafield>
</record>
